000 00673nam a2200217 i 4500
001 bg
100 1 _aGAJ, Jerzy
245 1 0 _aDzieje turystyki w Polsce /
_cJerzy Gaj.
260 _aWarszawa :
_bAlmaMer Wyższa Szkoła Ekonomiczna,
_c2006.
300 _a275 s. :
_bfot. ;
_c24 cm.
504 _aBibliogr. - Indeks.
650 9 _aTurystyka
_xhistoria
_zPolska
_y19-20 w.
020 _a8360197210
040 _cBPK
041 0 _apol
080 _a379.85:338.48]"18/19"(438)
920 _a83-60197-21-0
942 _cKS
008 s pl f |000 0 pol
999 _c52878
_d52878
856 _uhttp://koha.tu.koszalin.pl/cgi-bin/koha/opac-detail.pl?biblionumber=52878
_yKatalog online BPK